| Record ID | ia:metalonicetalesf0000kell |
| Source | Internet Archive |
| Download MARC XML | https://archive.org/download/metalonicetalesf0000kell/metalonicetalesf0000kell_marc.xml |
| Download MARC binary | https://www.archive.org/download/metalonicetalesf0000kell/metalonicetalesf0000kell_meta.mrc |
LEADER: 03035cam 2200709 i 4500
001 ocn815375299
003 OCoLC
005 20201026094444.0
008 130318t20132013oncac k 000 0deng
040 $aNLC$beng$erda$cNLC$dBTCTA$dBDX$dUKMGB$dCDX$dYDXCP$dOHRRH$dZCU$dOCLCF$dDEBBG$dCNEDM$dVT2$dNLC$dOCLCO$dHALCL$dOCLCQ$dOCLCO$dOCLCA
015 $aGBB343762$2bnb
015 $a20139008098$2can
016 $a(AMICUS)000041668851
016 7 $a016328965$2Uk
020 $a9781459707092
020 $a1459707095
020 $a9781459707115
020 $a1459707117
020 $a9781459707108
020 $a1459707109
035 $a(OCoLC)815375299
043 $an-cn---
050 4 $aML3534.6.C2$bK295 2013
055 02 $aML3534.6*
055 0 $aML3534 .6$bK295 2013
082 04 $a782.421660971$223
084 $acci1icc$2lacc
084 $acoll13$2lacc
084 $a9,2$2ssgn
100 1 $aKelly, Sean,$d1972-$eauthor.
245 10 $aMetal on ice :$btales from Canada's hard rock and heavy metal heroes /$cSean Kelly.
264 1 $aToronto :$bDundurn,$c[2013]
264 4 $c©2013
300 $a203 pages :$billustrations, portraits ;$c23 cm
336 $atext$btxt$2rdacontent
337 $aunmediated$bn$2rdamedia
338 $avolume$bnc$2rdacarrier
504 $aIncludes discography: pages 197-200.
530 $aIssued also in electronic formats.
520 $aFirst hand accounts from early to mid-eighties Canadian headbanger and rocker bands of their lifestyles and struggles to obtain record deals.
505 0 $aIntroduction: Rites of initiation into Canada's hard rock scene -- The players -- Rock 'n roll vocations: the call to arms -- The road -- Big F**kin' deal (life in the big leagues) -- The border: Canadians taking heavy metal to the world -- Making the scene -- Metal queens: Canada's female hard rock presence -- The peaks: grabbing rock 'n roll's brass ring -- The valleys: the gods' descent -- Hard rock of ages: standing the test of time -- Afterword.
650 0 $aHeavy metal (Music)$zCanada.
650 0 $aRock music$zCanada.
650 6 $aHeavy metal (Musique)$zCanada.
650 6 $aRock (Musique)$zCanada.
650 7 $aHeavy metal (Music)$2fast$0(OCoLC)fst00954135
650 7 $aRock music.$2fast$0(OCoLC)fst01099204
651 7 $aCanada.$2fast$0(OCoLC)fst01204310
600 07 $aKaṇada$2gnd
650 7 $aHeavy Metal$2gnd
650 7 $aRockmusik$2gnd
650 7 $aRockmusiker$2gnd
655 4 $aErlebnisbericht.
856 41 $3Table of contents$uhttp://bvbr.bib-bvb.de:8991/F?func=service&doc_library=BVB01&local_base=BVB01&doc_number=027070666&line_number=0001&func_code=DB_RECORDS&service_type=MEDIA
938 $aBrodart$bBROD$n103894748
938 $aBaker and Taylor$bBTCP$nBK0012374960
938 $aCoutts Information Services$bCOUT$n22828839
938 $aYBP Library Services$bYANK$n9238437
029 0 $aNLC$b000041668851
029 1 $aUKMGB$b016328965
994 $aZ0$bP4A
948 $hNO HOLDINGS IN P4A - 53 OTHER HOLDINGS